000 00677nam a2200289Ia 4500
005 20260324121451.0
008 008 260324s9999 xx 000 0 eng d
020 _a9781315570723
037 _aEBOOK
040 _aCRL
040 _beng
040 _cCRL
041 _2eng
041 _aeng
084 _qCRL
100 _aRavi M. Gupta
_91162639
245 0 _aCaitanya Vaisnava Philosophy
245 0 _bTradition, Reason and Devotion
260 _bTaylor and Francis
260 _c2014
365 _a
365 _b240
856 _uhttp://www.taylorfrancis.com/books/9781315570723
942 _cEBOOK
999 _c1754744
_d1754744